[Event "88th GER-ch Men 2017"]
[Site "Apolda"]
[Date "2017.07.01"]
[Round "9"]
[White "Bussard, Christian"]
[Black "Dobierzin, Olaf"]
[Result "1-0"]
[WhiteElo "2251"]
[BlackElo "2020"]
[Annotator "TA"]
[PlyCount "143"]
[EventDate "2017.??.??"]
[EventType "swiss"]
[EventCountry "GER"]
[SourceTitle "playchess.com"]
[Source "ChessBase"]
[SourceQuality "1"]

{[%evp 21,143,9,34,-23,-24,-21,-18,-41,-41,-47,-32,-32,-16,-99,-112,-100,-50,-145,-75,-83,-90,-87,-76,-69,-91,-133,-68,-70,-68,-89,0,0,0,0,0,0,72,4,63,8,0,-29,-25,-41,-14,-37,0,0,0,0,0,0,0,-39,0,0,0,0,0,0,0,-9,0,0,0,-56,144,127,225,219,403,395,411,230,277,235,414,393,539,548,539,546,538,517,580,662,895,886,883,869,726,745,681,644,1384,1152,1307,1285,2527,2062,2174,2221,2670,3520,12840,12839,12841,12841,12843,12841,12843,12843,12843,12843,12844,12844,12845,12844,12844,12845,12845,12845,12846,12845]} 1. d4 Nf6 2. c4 g6 3. Nc3 Bg7 4. Nf3 O-O 5. e4 d6 6. Be2 e5 7. O-O Nbd7 8. Qc2 Re8 9. dxe5 dxe5 10. Rd1 c6 11. b3 Qc7 12. Nd2 $146 {E94: King's Indian: Classical: 6 Be2 e5 7 0-0: Various Black 7th moves} (12. h3 $14) ({Predecessor:} 12. Ba3 Bf8 13. Bb2 a5 14. Nd2 Nc5 15. Rac1 h5 16. Bf3 Ne6 17. Ne2 Bh6 18. Rb1 c5 19. Nc3 Nd4 {0-1 (44) Stajner,S (2272)-Kozul,Z (2601) Ljubljana 2012}) 12... Nc5 13. Ba3 Bf8 14. Nf3 {The position is equal.} Bg4 15. Ng5 Bxe2 16. Qxe2 h6 (16... Na4 $5 17. Nxa4 Bxa3 $15) 17. Qf3 (17. Nf3 $11) 17... Kg7 $36 {[%mdl 2048] Black has strong initiative.} 18. Nh3 Ne6 19. Bc1 (19. Bxf8+ $15 Rxf8 20. Qe3) 19... Be7 ({Black should play} 19... Nd4 $1 {[%cal Rd4f3]} 20. Qe3 (20. Bxh6+ $2 Kxh6 21. Rxd4 exd4 $19) 20... Kg8) 20. Ne2 Rad8 {[%cal Rd8d1]} 21. Bb2 Rxd1+ 22. Rxd1 Rd8 {[%cal Rd8d1]} 23. Ng3 {[#]} Nd4 (23... Qa5 $1 $17 24. Rxd8 Bxd8) 24. Bxd4 exd4 25. Nf4 Qa5 (25... Bd6 $17 26. Nge2 c5) 26. Qe2 $1 $11 Bd6 27. Nd3 {Black must now prevent e5.} Bxg3 $1 28. hxg3 Re8 (28... Qg5 $11) 29. f3 (29. e5 $16 Nd7 30. f4) 29... Qc7 (29... Qg5 $11) 30. Qf2 (30. e5 $14 Nd7 31. f4) 30... c5 31. g4 (31. e5 $5 {[%cal Re5f6]} Nd7 32. f4 $11) 31... Nd7 32. Qd2 b6 (32... g5 {is interesting.} 33. Kf2 Qh2 34. Rg1 Re6 35. Rb1 Ra6) 33. Qf4 Qxf4 (33... Ne5 {feels hotter.} 34. Qg3 a6 35. Nf4 b5 36. Nd5 Qc6) 34. Nxf4 $15 {[%mdl 4096] Endgame KRN-KRN} Ne5 35. Kf2 Nc6 (35... g5 $5 {[%cal Rg5f4]} 36. Nd5 Kg6 $11) 36. Rd2 Ne5 37. Re2 Re7 (37... g5 $5 {[%cal Rg5f4]} 38. Nd5 Rh8 $15) 38. Ke1 (38. Nd5 $5 {[%cal Rd5e7]} Re6 39. Rd2 $11) 38... Rd7 (38... g5 $5 {[%cal Rg5f4]} 39. Nd5 Re8 $11) 39. Rd2 Nc6 40. Kd1 Ne5 41. Kc2 Re7 42. Kb2 Rd7 43. Ka3 {[#]} ({Better is} 43. Rd1 $11) 43... b5 $2 (43... f5 $1 $15 {[%mdl 512] keeps the upper hand.} 44. exf5 gxf5) 44. cxb5 $16 c4 (44... Kf6 $16) 45. Nd5 $18 c3 $2 (45... d3) 46. Rxd4 Rd8 {intending ...Rc8.} 47. f4 (47. Rd1 $142) 47... Nxg4 48. Rc4 c2 $2 (48... Rd7 49. Rc5 (49. Nxc3 Ne3 $14) (49. Rxc3 Nf2 $16) 49... h5) 49. Rxc2 f5 50. Rc7+ {White is clearly winning.} Kf8 51. Nc3 fxe4 52. Nxe4 Re8 53. Nd6 Re7 54. Rxe7 Kxe7 {KN-KN} 55. Nc8+ Kd7 56. Nxa7 Ne3 57. g3 Nf5 58. Nc6 Nxg3 59. Ne5+ Kc7 60. Nxg6 Nf5 61. Kb4 h5 62. a4 {[%cal Ba2a4,Ba4a5][%mdl 32]} h4 {[#]} 63. Nxh4 $1 Nxh4 {KN-KP} 64. Kc5 Nf5 65. Kd5 Kd7 66. a5 Kc7 67. b4 Ne7+ 68. Ke6 Ng6 69. f5 Nf4+ 70. Kf7 Nd5 71. f6 Kd7 72. Kg7 {Precision: White = 42%, Black = 25%.} 1-0

[Event "88th GER-ch Men 2017"]
[Site "Apolda"]
[Date "2017.07.01"]
[Round "9"]
[White "Schmitt, Philipp"]
[Black "Prenzler, Daniel"]
[Result "1-0"]
[WhiteElo "2174"]
[BlackElo "2210"]
[Annotator "TA"]
[PlyCount "49"]
[EventDate "2017.??.??"]
[EventType "swiss"]
[EventCountry "GER"]
[SourceTitle "playchess.com"]
[Source "ChessBase"]
[SourceQuality "1"]

{[%evp 29,49,45,49,-75,28,24,13,7,71,47,45,42,48,52,77,-5,31,0,0,0,800,790]} 1. e4 e6 2. d4 d5 3. Nc3 Nf6 4. e5 Nfd7 5. f4 c5 {[%cal Bc7c5,Bc5d4][%mdl 32]} 6. Nf3 Nc6 7. Be3 Qb6 8. Na4 Qa5+ 9. c3 cxd4 10. b4 Nxb4 11. cxb4 Bxb4+ 12. Bd2 Bxd2+ 13. Nxd2 O-O {C11: French: Classical System: 4 e5 and 4 Bg5 dxe4} 14. Bd3 b5 15. Nb2 Nb6 $1 {[%cal Rb6c4] LiveBook: 50 Games. White is slightly better.} 16. Qh5 (16. O-O $14 {keeps the upper hand.}) 16... g6 (16... h6 $17 {White must now prevent ...Nc4.} 17. Qe2 Nc4) 17. Qe2 $11 Nc4 $1 {[%cal Rc4b2]} 18. Nd1 {[#]} f5 $146 (18... Bd7 $11 {keeps the balance.}) 19. Rf1 Bd7 20. Rf2 Rfc8 21. Kf1 b4 22. g4 ({Not} 22. Nxc4 $2 dxc4 23. Kg1 (23. Bxc4 $2 Rxc4 24. Qd2 Qc5 $19) 23... Bb5 $19) (22. Kg1 $16) 22... fxg4 (22... Ne3+ $5 23. Nxe3 dxe3 24. Qxe3 Rc3 $15) 23. Nb3 (23. Qxg4 $5 {[%cal Rd2c4]} Ne3+ 24. Nxe3 dxe3 25. Nb3 $11) 23... Qb6 24. Qxg4 Rf8 $2 {[%mdl 8192] [#]} (24... Bb5 $11 25. Nxd4 Qxd4 26. Qxe6+ Kh8 27. Qf6+ Kg8 28. Qe6+ Kh8 29. Qf6+ Kg8 30. Qe6+) 25. Bxg6 $1 {[%mdl 512] Precision: White = 45%, Black = 33%.} 1-0

[Event "88th GER-ch Men 2017"]
[Site "Apolda"]
[Date "2017.07.01"]
[Round "9"]
[White "Heinert, Eugen"]
[Black "Zude, Arno"]
[Result "1/2-1/2"]
[WhiteElo "2151"]
[BlackElo "2392"]
[Annotator "TA"]
[PlyCount "146"]
[EventDate "2017.??.??"]
[EventType "swiss"]
[EventCountry "GER"]
[SourceTitle "playchess.com"]
[Source "ChessBase"]
[SourceQuality "1"]

{[%evp 14,146,20,26,23,20,19,6,9,-54,0,0,10,0,38,39,42,46,54,-51,18,20,9,-10,-10,-10,-10,-10,-10,-14,-14,-14,-14,-7,-8,-12,-18,-12,-3,-15,0,0,0,-8,-8,-57,-21,-57,-63,-50,-42,-53,-52,-52,-51,-51,-53,-65,-55,-54,-18,-190,56,78,72,72,107,109,137,124,132,118,132,0,116,0,137,132,145,131,156,164,147,143,215,214,243,243,237,237,235,215,213,246,239,189,162,0,8,0,0,0,0,0,0,0,0,0,0,0,0,0,0,0,0,0,0,0,0,-6,-6,-29970,0,0,0,0,0,0,0,0,0,0,0,0,29991]} 1. c4 e5 2. g3 c6 3. Nf3 e4 4. Nd4 d5 5. cxd5 Qxd5 6. Nc2 {A20: English Opening: 1...e5} Nf6 7. Nc3 Qh5 8. Ne3 {LiveBook: 4 Games} Bb4 $146 ({Predecessor:} 8... Bc5 9. Qc2 Bxe3 10. fxe3 Bf5 11. Bg2 Qg6 12. Qb3 O-O 13. Qxb7 {½-½ (41) Navara,D (2730)-Nisipeanu,L (2683) Reykjavik 2015}) 9. Bg2 Bxc3 $1 10. bxc3 O-O 11. f3 (11. h4 $11) 11... exf3 (11... Bh3 $15) 12. Bxf3 $11 Qg6 13. O-O Nbd7 {[%cal Bb8d7,Bd7e5,Be5c4][%mdl 32]} 14. Qc2 Ne5 15. Bg2 Qh5 16. Nf5 (16. d4 $1 $14 Neg4 17. Nxg4 Bxg4 18. e4) 16... Re8 (16... Qxe2 $15 17. Rb1 Re8) 17. d4 Nc4 $132 {[%mdl 2048] Black has counterplay} 18. e4 {Qd3 is the strong threat.} (18. Nh6+ $5 gxh6 19. Rxf6 Rxe2 20. Rxh6 Qxh2+ 21. Rxh2 Rxc2 22. Bf4 $15) 18... Ng4 $1 {[%csl Gg4][%cal Rh5h2]} 19. Bf3 $1 Bxf5 20. exf5 Qh3 21. Qg2 Qxg2+ 22. Bxg2 Nge3 23. Bxe3 $1 Nxe3 24. Rf2 Nxg2 25. Kxg2 {[%mdl 4096] Endgame KRR-KRR} Re3 26. Rf3 Re2+ 27. Rf2 Rae8 28. Raf1 (28. Rb1 $5 {[%cal Rb1b7]}) 28... Kf8 29. g4 h6 30. Rxe2 Rxe2+ {KR-KR} 31. Rf2 Re1 (31... Re3 $5 {[%cal Re3c3]} 32. Rf3 Re4 $11) 32. Rf1 Re3 $1 {[%cal Re3c3]} 33. Rf3 $1 {[%cal Rf3e3]} Re4 34. h3 Ke7 $1 35. f6+ gxf6 36. Kf2 {[#]} h5 $1 {[%mdl 512]} 37. Re3 $2 (37. gxh5 $11 {and White is okay.} Rh4 38. Kg3 Rxh5 39. Rf2) 37... Re6 $2 ({Black should try} 37... Rxe3 $19 38. Kxe3 hxg4 39. hxg4 a5) 38. gxh5 $14 Kf8 39. Rg3 $1 f5 40. Rg5 Rh6 41. Rxf5 Kg7 42. Rg5+ Kh7 43. Rf5 Kg7 44. Rg5+ Kh7 $1 45. Re5 Rf6+ 46. Ke2 b5 47. a4 bxa4 48. Ra5 Kh6 (48... Rh6 $16 {was worth a try.} 49. Rxa4 Rxh5) 49. Rxa4 $18 Kxh5 50. Rxa7 Re6+ 51. Kf3 Kg6 52. Ra6 Rf6+ 53. Ke3 Re6+ 54. Kd3 Kg5 {[#]} 55. Ra8 $2 ({White should play} 55. Rb6 $1 $18) 55... f5 56. Rg8+ Kf4 57. h4 Kf3 58. h5 f4 $1 59. Rg6 (59. Rh8 $5 {[%cal Rh5h6]} Re3+ 60. Kd2 $16) 59... Re3+ 60. Kd2 Re2+ 61. Kd3 Re3+ 62. Kc4 Ke2 {White must now prevent ...f3.} 63. Rxc6 {Hoping for h6.} f3 64. Rf6 f2 65. Rxf2+ $1 Kxf2 $11 {KR-K3P} 66. d5 Kf3 67. d6 $2 {[%mdl 8192] [#]} (67. Kd4 $11) 67... Re6 $2 (67... Ke4 $1 {mates} 68. h6 Rf3 69. Kc5 Rf8 70. Kc6 Ke5 71. c4 Ke6 72. d7 Ke7 73. Kc7 Rd8 74. c5 Rxd7+ 75. Kb6 Rd3 76. Kc7 Rh3 77. Kb6 Kd7 78. c6+ Kd6 79. Kb5 Rxh6 80. c7 Kxc7 81. Kc5 Rd6 82. Kb5 Rd5+ 83. Kb4 Kb6 84. Kc4 Rd8 85. Kb3 Kb5 86. Kc3 Rd5 87. Kb2 Kc4 88. Kc2 Kb4 89. Kb2 Rc5 90. Ka1 Ka3 91. Kb1 Kb3 92. Ka1 Rc1#) 68. Kd5 {The position is equal.} ({Not} 68. d7 $2 Rd6 $19) 68... Rh6 69. d7 Rxh5+ 70. Kd6 Rh6+ 71. Kc7 Rh8 72. c4 Ke4 73. d8=Q Ke5 $2 {[%mdl 40960] Precision: White = 54%, Black = 59%. . An unexpected result.} (73... Rxd8 $11 74. Kxd8 Ke5) 1/2-1/2

[Event "88th GER-ch Men 2017"]
[Site "Apolda"]
[Date "2017.07.01"]
[Round "9"]
[White "Goepfert, Jakob"]
[Black "Rehberg, Raphael"]
[Result "1/2-1/2"]
[WhiteElo "2099"]
[BlackElo "2264"]
[Annotator "TA"]
[PlyCount "108"]
[EventDate "2017.??.??"]
[EventType "swiss"]
[EventCountry "GER"]
[SourceTitle "playchess.com"]
[Source "ChessBase"]
[SourceQuality "1"]

{[%evp 22,108,0,0,10,0,27,19,23,27,58,0,23,18,103,103,105,101,231,229,237,231,224,224,226,189,203,200,196,100,98,89,130,4,4,4,10,0,21,19,0,-45,-20,-20,-20,-20,0,0,0,-20,0,-62,-64,-727,-31,-1089,-443,-1084,-1084,-1026,-928,-29962,-29962,-29963,-29968,-29968,-29965,-29965,-29966,-29957,-5289,-29965,-29959,-3741,-2334,-29974,-29973,-29973,0,-1562,0,-1329,-391,-1124,-376,-29984,-29985,-29988,-29989]} 1. d4 d5 2. Nf3 Nf6 3. c4 e6 4. g3 Be7 5. Bg2 O-O 6. Nbd2 {[%cal Bb1d2,Bd2b3,Bb3d4][%mdl 32]} c5 7. O-O Nc6 8. dxc5 Bxc5 9. a3 a5 10. cxd5 exd5 11. Nb3 {E06: Closed Catalan: Early deviations} Bb6 12. Nbd4 {LiveBook: 10 Games} Ne4 (12... Re8 13. Be3 Ng4 14. Nxc6 bxc6 15. Bxb6 Qxb6 16. h3 Nf6 17. Qc2 c5 18. Rfd1 Rb8 {0-1 (35) Mueller,R (2330)-Ovsejevitsch,S (2585) Germany 2016}) 13. Be3 {The position is equal.} Bg4 14. Rc1 $146 ({Predecessor:} 14. Nxc6 bxc6 15. Nd4 Bd7 16. Rc1 Rb8 17. Bxe4 dxe4 18. Qd2 Qf6 {1-0 (27) Wessman,R (2440)-Schneider,L (2420) Borlange 1995}) 14... Rc8 15. Qd3 Nc5 16. Qb1 (16. Rxc5 $14 Bxc5 17. Nxc6 Rxc6 18. Ng5) 16... Nd7 17. Rfd1 Qe7 (17... Nf6 $11 {keeps the balance.}) 18. h3 $16 (18. Ng5 $6 g6 $11) (18. Nxc6 $6 bxc6 19. Bxb6 Nxb6 $11) 18... Nxd4 19. Nxd4 Bh5 (19... Rxc1 $16 {was worth a try.} 20. Qxc1 (20. Rxc1 Be6 $16) 20... Be6) 20. Rxc8 $18 ({Less strong is} 20. Bxd5 Bg6 $16) 20... Rxc8 21. Nf5 ({Not} 21. Bxd5 Bg6 $16) 21... Qf6 22. Rxd5 Bg6 23. Bxb6 Nxb6 24. Rb5 Nc4 {Strongly threatening ...Nd6.} 25. e4 (25. Bxb7 $18 Re8 26. Be4) 25... Bxf5 26. Rxf5 Qb6 27. b4 ({White should try} 27. Qd1 $16) 27... g6 $11 28. Rf4 Nxa3 29. Qa2 Nc4 {[#]} (29... Rc1+ {looks sharper.} 30. Kh2 Nc4 31. e5 Qxb4 32. e6 b5) 30. e5 $1 {[%mdl 512]} Qxb4 (30... Nxe5 31. Qd5) 31. Bxb7 Qxb7 32. Rxc4 Rxc4 33. Qxc4 {[%mdl 4096] Endgame KQ-KQ} Qb1+ 34. Kh2 Qb2 (34... Qb6 $5 {[%cal Rb6f2]} 35. Kg2 Qb7+ 36. Kg1 Qd7 $15) 35. Qf4 a4 {[%cal Ba5a4,Ba4a3,Ba3a2][%mdl 32] Hoping for ...a3.} 36. Kg2 (36. Qe3 $11) 36... a3 37. Qf6 $2 {[%mdl 8192]} (37. Qa4 $15) 37... Qd4 $2 (37... Qb7+ $19 38. Kh2 Qd5) 38. Qa6 $2 {[%mdl 8192]} (38. Qc6 $15) 38... Qd5+ $19 39. Kh2 a2 40. Qc8+ Kg7 41. Qa6 h5 42. h4 Qb3 43. Kg2 Qb2 44. Qf6+ Kg8 45. Qd8+ Kh7 {( -> ...Qb7+)} 46. Qe7 {[#]} Qb3 $1 ({Worse is} 46... a1=Q 47. Qxf7+ Kh6 48. Qf8+ Kh7 49. Qe7+ Kh8 50. Qf8+ Kh7 51. Qf7+ Kh8 52. Qf8+ Kh7 $11) 47. Qa7 Qc4 48. Qa3 Kg7 49. Qa8 Qb3 (49... Qe2 $142 50. Qa7 Qe4+ 51. Kh2 Qb1 52. e6 a1=Q 53. Qxf7+ Kh6 54. Qf4+ Kh7 55. Qf7+ Qg7 56. g4 hxg4 57. h5 Qxf7 58. exf7 Qb8+ 59. Kg2 gxh5 60. Kg1 Qf4 61. Kf1 g3 62. f8=Q Qxf8 63. f4 Qxf4+ 64. Ke2 g2 65. Kd3 g1=Q 66. Kc2 Qc4+ 67. Kd2 Qgc1#) 50. Qa6 Qd5+ 51. Kh2 $1 Kf8 $2 (51... Kh7 52. Qa4 Kg7) 52. Qa7 $2 (52. Qc8+ Kg7 53. Qc3) 52... Ke8 $2 (52... Qb3 53. Qc5+ Kg7) 53. f4 $2 (53. Qa4+ $19 Kf8 54. Qa3+ Kg8 55. Qa4) 53... Qd2+ 54. Kh3 Qd7+ {[%mdl 32768] Precision: White = 37%, Black = 39%. . An unexpected result.} 1/2-1/2